000 00380nam a2200145Ia 4500
008 230917s9999||||xx |||||||||||||| ||und||
040 _e180288
_aMAIN
041 _aEnglish
082 _a34:303 P928P
100 _aDwivedi
245 0 _aPrevention of terrorism act, 2002: With short comments
260 _aAllahabad
_bDwivedi Law Agency
_c2002
300 _a39 p.
942 _cBK
999 _c113367
_d113367